000 00831nam a2200265Ia 4500
003 OSt
005 20220918170758.0
006 a|||||r|||| 00| 0
007 ta
008 220917b |||||||| |||| 00| 0 eng d
020 _a9780521148474 (pbk)
_cUKP 19.99
024 _a317,718
037 _b109923, 06/03/2017, International Book Distributors
_cTextual
040 _aARTS
_cARTS
_beng
041 _2eng
_aeng
082 _aW:5, Q5
100 _aNash Kate Au.
_931145
245 0 _aPolitical sociology of human rights
260 _aCambridge
_bCambridge University Press UK
_c2015
300 _ax,224p.
_ccm.
490 _aKey topics in sociology
650 _aHUMAN RIGHTS
_930
942 _hW:5, Q5
_cTEXL
_2CC
999 _c135725
_d135725